| 000 | 01042nam a2200301Ia 4500 | ||
|---|---|---|---|
| 003 | GCL | ||
| 005 | 20240530103750.0 | ||
| 008 | 140319s9999 xx 000 0 ara d | ||
| 020 | _a9770022250 | ||
| 040 |
_aGCL / _cGCL |
||
| 082 | 0 | 4 |
_a940 _bع ع |
| 100 | 1 | _aعبدالمنعم ابراهيم الدسوقى الجميعى | |
| 245 | 1 | 0 |
_aالعالم الاوربى فى التاريخ الحديث والمعاصر منذ عصر النهضة الى عصر البيروسترويكا / _cعبدالمنعم ابراهيم الجميعى |
| 250 | _aط1 | ||
| 260 |
_aالقاهرة : _bمطبعة الجبلاوى ، _c1991 |
||
| 300 |
_a254 ص ؛ _c24 سم |
||
| 490 |
_aكتاب _v0 |
||
| 650 | 0 | 4 | _aالمانيا |
| 650 | 0 | 4 | _aالامم المتحدة |
| 650 | 0 | 4 | _aانجلترا |
| 650 | 0 | 4 | _aايطاليا |
| 650 | 0 | 4 | _aالنمسا |
| 650 | 0 | 4 | _aاوربا |
| 650 | 0 | 4 | _aاوربا - تاريخ |
| 650 | 0 | 4 | _aعصر النهضة (1300 - 1494) |
| 653 | _aعصر البيروسترويكا | ||
| 942 |
_2ddc _cBK |
||
| 999 |
_c42307 _d42307 |
||